<?xml version="1.0" encoding="UTF-8"?>
<record
    xmlns:xsi="http://www.w3.org/2001/XMLSchema-instance"
    xsi:schemaLocation="http://www.loc.gov/MARC21/slim http://www.loc.gov/standards/marcxml/schema/MARC21slim.xsd"
    xmlns="http://www.loc.gov/MARC21/slim">

  <leader>01224nam a2200205Ia 4500</leader>
  <datafield tag="952" ind1=" " ind2=" ">
    <subfield code="0">0</subfield>
    <subfield code="1">0</subfield>
    <subfield code="4">0</subfield>
    <subfield code="7">0</subfield>
    <subfield code="a">01</subfield>
    <subfield code="b">01</subfield>
    <subfield code="d">2007-01-25</subfield>
    <subfield code="l">1</subfield>
    <subfield code="o">302.2242 Z16C</subfield>
    <subfield code="p">01 004505</subfield>
    <subfield code="r">2017-10-02</subfield>
    <subfield code="s">2017-10-02</subfield>
    <subfield code="w">2012-06-24</subfield>
    <subfield code="y">LB</subfield>
  </datafield>
  <datafield tag="952" ind1=" " ind2=" ">
    <subfield code="0">0</subfield>
    <subfield code="1">0</subfield>
    <subfield code="2">lcc</subfield>
    <subfield code="4">0</subfield>
    <subfield code="7">0</subfield>
    <subfield code="a">20</subfield>
    <subfield code="b">20</subfield>
    <subfield code="d">2018-07-21</subfield>
    <subfield code="l">0</subfield>
    <subfield code="o">P95 Z33</subfield>
    <subfield code="p">20 002401</subfield>
    <subfield code="r">2018-07-21</subfield>
    <subfield code="t">1</subfield>
    <subfield code="w">2018-07-21</subfield>
    <subfield code="y">LB</subfield>
  </datafield>
  <datafield tag="999" ind1=" " ind2=" ">
    <subfield code="c">56125</subfield>
    <subfield code="d">56125</subfield>
  </datafield>
  <controlfield tag="008">120622s9999    xx            000 0 und d</controlfield>
  <datafield tag="020" ind1=" " ind2=" ">
    <subfield code="a">9681800761</subfield>
  </datafield>
  <datafield tag="050" ind1=" " ind2=" ">
    <subfield code="a">P95</subfield>
    <subfield code="b">Z33</subfield>
  </datafield>
  <datafield tag="082" ind1=" " ind2=" ">
    <subfield code="a">302.2242 Z16c</subfield>
  </datafield>
  <datafield tag="100" ind1=" " ind2=" ">
    <subfield code="a">Zacharis, John C.</subfield>
    <subfield code="e">autor</subfield>
  </datafield>
  <datafield tag="245" ind1=" " ind2=" ">
    <subfield code="a">Comunicaci&#xF3;n oral</subfield>
    <subfield code="c"> / John C. Zacharis, Coleman C. Bender</subfield>
  </datafield>
  <datafield tag="260" ind1=" " ind2=" ">
    <subfield code="a">M&#xE9;xico</subfield>
    <subfield code="b"> : Limusa</subfield>
    <subfield code="c"> , 1991</subfield>
  </datafield>
  <datafield tag="300" ind1=" " ind2=" ">
    <subfield code="a">xi ; 270 p&#xE1;ginas</subfield>
  </datafield>
  <datafield tag="500" ind1=" " ind2=" ">
    <subfield code="a">Incluye:
Dedicatoria
Pr&#xF3;logo
Tabla de contenido
&#xCD;ndice anal&#xED;tico
Sobre los autores</subfield>
  </datafield>
  <datafield tag="505" ind1=" " ind2=" ">
    <subfield code="a">Un enfoque racional al origen de la comunicaci&#xF3;n
Examen del proceso de comunicaci&#xF3;n
valoraci&#xF3;n del ambiente de comunicaci&#xF3;n
Formulaci&#xF3;n de una idea
Selecci&#xF3;n de la informaci&#xF3;n: los usos de las pruebas
Estructuraci&#xF3;n del mensaje: la opci&#xF3;n informativa
Enfoque de la opci&#xF3;n persuasiva: establecimiento de una posici&#xF3;n
Estructuraci&#xF3;n del mensaje: la opci&#xF3;n l&#xF3;gica
Estructuraci&#xF3;n del mensaje: la opci&#xF3;n sociol&#xF3;gica
La evaluaci&#xF3;n racional
La decisi&#xF3;n racional
La racionalidad a trav&#xE9;s del lenguaje
Incremento del acto de comunicar</subfield>
  </datafield>
  <datafield tag="519" ind1=" " ind2=" ">
    <subfield code="a">Material Complementario / </subfield>
    <subfield code="d">(20 002401)</subfield>
  </datafield>
  <datafield tag="650" ind1=" " ind2="0">
    <subfield code="a">COMUNICACI&#xD3;N </subfield>
    <subfield code="x">ASPECTOS PSICOL&#xD3;GICOS</subfield>
  </datafield>
  <datafield tag="700" ind1=" " ind2=" ">
    <subfield code="a">Bender, Coleman C. ; coaut.&#xCC;</subfield>
  </datafield>
  <datafield tag="942" ind1=" " ind2=" ">
    <subfield code="c">LB</subfield>
  </datafield>
</record>
